000 00628nam a2200181Ia 4500
008 090630s9999 xx 000 0 und d
082 _b12267
100 _aडॉ. पारेख वि. के.
245 _aबाळाची काळजी.
_cडॉ. पारेख वि. के.
260 _bपारेख - मालेगाव.
_c1990
300 _a176
600 _aडॉ. पारेख वि. के.
630 _aबाळाची काळजी.
655 _aइतर.
700 _aडॉ. पारेख वि. के.
730 _aबाळाची काळजी.
942 _cBOOK
999 _c264123
_d264123